El concepto de zona de paz /

El concepto de zona de paz debe de ser pensado y delimitado claramente en su aspecto jurídico, además se hace necesario que la creación de estatutos de la zona de paz provengan de un tratado internacional y que se supere la actual etapa que es solo declarativa. Las zonas de paz deberían también de c...

詳細記述

保存先:
書誌詳細
第一著者: Gros Espiell, Héctor
団体著者: Seminario Internacional Seguridad democrática regional: una concepción alternativa de seguridad (Comisión Sudamericana de Paz)
フォーマット: 会議録 図書
言語:Spanish
主題:
タグ: タグ追加
タグなし, このレコードへの初めてのタグを付けませんか!

MARC

LEADER 00000nam a22000007a 4500
003 cru CIDCACS/IIS
005 20221206123530.0
007 ta
008 200422s1988 cl |||p|r||||||0| ||spa|d
040 |c cru CIDCACS/IIS 
100 1 |9 9249  |a Gros Espiell, Héctor 
245 1 3 |a El concepto de zona de paz /  |c Héctor Gros Espiell 
300 |a 15 páginas 
520 |a El concepto de zona de paz debe de ser pensado y delimitado claramente en su aspecto jurídico, además se hace necesario que la creación de estatutos de la zona de paz provengan de un tratado internacional y que se supere la actual etapa que es solo declarativa. Las zonas de paz deberían también de cooperación económica y social para la conservación de los recursos vivos del medio ambiente, al igual que siguiendo el camino abierto para la resolución del Atlántico Sur. Se debería de ampliar este concepto de zona de paz incluyendo la idea del desarrollo político, desarrollo democrático. Una zona de paz concebida de esta forma no solo sería una zona de paz, de estabilidad política interna, con desarrollo político, económico y social, no solo una contribución a la paz y a la seguridad regional, sino un elemento positivo para la resolución de los conflictos y diferendos internos en América del Sur. En síntesis es imposible encarar hoy la creación de una zona de paz sin comprender que el concepto de seguridad regional actual es mucho más amplio y complejo que el tradicional y que supone necesariamente el desarrollo económico social, cultural y político. OB/JM 
650 0 |9 138  |a PAZ 
650 0 |9 2142  |a DESARROLLO ECONOMICO 
650 0 |9 2122  |a DESARROLLO SOCIAL 
650 0 |9 411  |a DESARROLLO POLITICO 
650 4 |9 1849  |a DEMOCRATIZACION 
650 4 |9 2642  |a INTEGRACION ECONOMICA 
650 0 |9 507  |a ACUERDOS INTERNACIONALES 
650 4 |9 3740  |a COOPERACION ECONOMICA 
650 0 |a POLITICA DE DEFENSA  |9 3674 
650 0 |9 8239  |a ARMAMENTISMO 
650 0 |9 350  |a DESARME 
650 0 |9 382  |a POLITICA INTERNACIONAL 
711 |9 9243  |a Seminario Internacional Seguridad democrática regional: una concepción alternativa de seguridad  |c Santiago, Chile  |d 23-26 marzo 1988  |e Comisión Sudamericana de Paz 
773 0 |0 43087  |9 4553  |a Comisión Sudamericana de Paz  |d Chile: Comisión Sudamericana de Paz; Instituto Latinoamericano de Estudios Transnacionales  |o 03547  |t Documento de trabajo/ 
942 |2 ddc  |c PP  |s 1 
999 |c 43094  |d 43094